Phân tích năng lực cạnh tranh của Sacombank : Luận văn thạc sĩ chuyên ngành: Tài chính - Ngân hàng

Nội dung luận văn giới thiệu cơ sở lý luận và phương pháp nghiên cứu. Thực trạng tình hình hoạt động kinh doanh tại Sacombank. Phân tích các yếu tố ảnh hưởng đến năng lực cạnh tranh tại Sacombank. Kết luận và kiến nghị....

Πλήρης περιγραφή

Αποθηκεύτηκε σε:
Λεπτομέρειες βιβλιογραφικής εγγραφής
Κύριος συγγραφέας: Lê, Văn Mến
Μορφή: Βιβλίο
Γλώσσα:Undetermined
Έκδοση: Cần Thơ Trường Đại học Cần Thơ 2018
Θέματα:
Ετικέτες: Προσθήκη ετικέτας
Δεν υπάρχουν, Καταχωρήστε ετικέτα πρώτοι!
Thư viện lưu trữ: Trung tâm Học liệu Trường Đại học Cần Thơ
LEADER 01098nam a2200217Ia 4500
001 CTU_228100
008 210402s9999 xx 000 0 und d
082 |a 332.12 
082 |b M254 
088 |a 8340201 
100 |a Lê, Văn Mến 
245 0 |a Phân tích năng lực cạnh tranh của Sacombank : 
245 0 |b Luận văn thạc sĩ chuyên ngành: Tài chính - Ngân hàng 
245 0 |c Lê Văn Mến ; Trần Ái Kết (cán bộ hướng dẫn) 
260 |a Cần Thơ 
260 |b Trường Đại học Cần Thơ 
260 |c 2018 
520 |a Nội dung luận văn giới thiệu cơ sở lý luận và phương pháp nghiên cứu. Thực trạng tình hình hoạt động kinh doanh tại Sacombank. Phân tích các yếu tố ảnh hưởng đến năng lực cạnh tranh tại Sacombank. Kết luận và kiến nghị. 
650 |a Ngân hàng thương mại,Commercial banking 
910 |b dqhieu 
980 |a Trung tâm Học liệu Trường Đại học Cần Thơ